sports Cars - Statistics

General Stats
  • This quiz has been taken 554 times
  • The average score is 6 of 8
Answer Stats
Picture Answer % Correct
Ford mustang
90%
Nissan GTR
88%
Bugatti chiron
83%
BMW I8
80%
Lamborghini aventador
77%
Toyota supra
74%
Chevrolet corvette
52%
Lexus lc500
29%
No matching quizzes found
Score Distribution
Percent of People with Each Score
Percentile by Number Answered
Your Score History
You have not taken this quiz